Antología de Cuentos Hispanoamericanos
Uloženo v:
| Médium: | Kniha |
|---|---|
| Jazyk: | španělština |
| Vydáno: |
Santiago
Prosa
1996
|
| Vydání: | 1a. ed |
| Edice: | Colección Antología
|
| Témata: | |
| Tagy: |
Přidat tag
Žádné tagy, Buďte první, kdo vytvoří štítek k tomuto záznamu!
|
MARC
| LEADER | 00000nam a2200000 a 4500 | ||
|---|---|---|---|
| 001 | UCH8463 | ||
| 003 | CL-VaPUC | ||
| 005 | 20241114111658.0 | ||
| 008 | 091127e19960000CL |||||||||||||||||spa|d | ||
| 999 | |c 338675 |d 338673 | ||
| 020 | |a 9562810089 | ||
| 040 | |c Pontificia Universidad Católica de Valparaíso | ||
| 082 | 0 | 4 | |a H868 |b ANT |2 21 |
| 245 | 1 | 0 | |a Antología de Cuentos Hispanoamericanos |
| 250 | |a 1a. ed | ||
| 260 | |a Santiago |b Prosa |c 1996 | ||
| 300 | |a 127 p | ||
| 490 | 0 | |a Colección Antología | |
| 583 | |a last modification |c 20091127 00:00:00 |k Rodrigo Vera | ||
| 600 | 0 | |a Nervo, Amado, |d 1870-1919 |9 515665 | |
| 600 | 0 | 7 | |a BARRETO, HECTOR |2 CL-VaPUC |9 545037 |
| 600 | 0 | 7 | |a BLANCO, RUFINO |2 CL-VaPUC |9 545038 |
| 600 | 0 | 7 | |a DARÍO, RUBEN |2 CL-VaPUC |9 268402 |
| 600 | 0 | 7 | |a DIAZ, MANUEL |2 CL-VaPUC |9 545039 |
| 600 | 0 | 7 | |a ACEVEDO, EDUARDO |2 CL-VaPUC |9 545040 |
| 600 | 0 | 7 | |a Güiraldes, Ricardo, |d 1886-1927 |9 879898 |
| 600 | 0 | 7 | |a FREYRE, JAIMES |2 CL-VaPUC |9 545041 |
| 600 | 0 | |a Lugones, Leopoldo, |d 1874-1938 |9 313722 | |
| 600 | 0 | |a Lillo, Baldomero, |d 1867-1923 |9 860665 | |
| 600 | 0 | 7 | |a GANA, FEDERICO |2 CL-VaPUC |9 506892 |
| 600 | 0 | |a Quiroga, Horacio |9 371721 | |
| 600 | 0 | 7 | |a SILVA, JOSÉ ASUNCIÓN |2 CL-VaPUC |9 341329 |
| 600 | 0 | |a Parra, Teresa de la |d 1895-1936 |9 545042 | |
| 600 | 0 | 7 | |a WILDE, EDUARDO |2 CL-VaPUC |9 545043 |
| 650 | 0 | |a Cuentos hispanoamericanos |9 312389 | |
| 942 | |c BK |2 ddc | ||
| 945 | |d 20091127 00:00:00 |a lazolas | ||